Statistics for big data for dummies / (Record no. 22551)
[ view plain ]
| 000 -LEADER | |
|---|---|
| fixed length control field | 01731cam a22003375a 4500 |
| 001 - CONTROL NUMBER | |
| control field | 18644333 |
| 005 - DATE AND TIME OF LATEST TRANSACTION | |
| control field | 20161013101326.0 |
| 008 - FIXED-LENGTH DATA ELEMENTS--GENERAL INFORMATION | |
| fixed length control field | 150604t2015 njua fr 001 0 eng d |
| 010 ## - LIBRARY OF CONGRESS CONTROL NUMBER | |
| LC control number | 2015943222 |
| 020 ## - INTERNATIONAL STANDARD BOOK NUMBER | |
| International Standard Book Number | 9781118940013 |
| 020 ## - INTERNATIONAL STANDARD BOOK NUMBER | |
| International Standard Book Number | 1118940016 |
| 035 ## - SYSTEM CONTROL NUMBER | |
| System control number | (OCoLC)ocn885229333 |
| 040 ## - CATALOGING SOURCE | |
| Original cataloging agency | BTCTA |
| Language of cataloging | eng |
| Transcribing agency | BTCTA |
| Modifying agency | YDXCP |
| -- | BDX |
| -- | UKMGB |
| -- | ZQP |
| -- | ILC |
| -- | IAD |
| -- | DLC |
| -- | EG-ScBUE |
| 082 04 - DEWEY DECIMAL CLASSIFICATION NUMBER | |
| Classification number | 005.7 |
| Item number | AND |
| Edition number | 22 |
| 100 1# - MAIN ENTRY--PERSONAL NAME | |
| Personal name | Anderson, Alan |
| Titles and other words associated with a name | (Professor of economics) |
| 9 (RLIN) | 41522 |
| 245 10 - TITLE STATEMENT | |
| Title | Statistics for big data for dummies / |
| Statement of responsibility, etc | by Alan Anderson, with David Semmelroth. |
| 260 ## - PUBLICATION, DISTRIBUTION, ETC. (IMPRINT) | |
| Place of publication, distribution, etc | Hoboken : |
| Name of publisher, distributor, etc | John Wiley & Sons, |
| Date of publication, distribution, etc | c.2015. |
| 300 ## - PHYSICAL DESCRIPTION | |
| Extent | xii, 366 p. : |
| Other physical details | ill. ; |
| Dimensions | 24 cm. |
| 490 0# - Series Statement | |
| Series statement | For dummies |
| 500 ## - GENERAL NOTE | |
| General note | Includes index. |
| 505 0# - FORMATTED CONTENTS NOTE | |
| Formatted contents note | Introducing big data statistics -- Preparing and cleaning data -- Exploratory data analysis (EDA) -- Big data applications -- The part of tens. |
| 520 ## - SUMMARY, ETC. | |
| Summary, etc | Big data figures into everything from weather forecasting to political polling. Anderson and Semmelroth help you learn about it in manageable, bite-size chunks. From extracting information from a database to checking data for missing information and more, you'll get a handle on the statistical methods and a whole lot more. |
| 650 #0 - SUBJECT ADDED ENTRY--TOPICAL TERM | |
| Topical term or geographic name as entry element | Big data |
| General subdivision | Statistical methods. |
| Source of heading or term | BUEsh |
| 9 (RLIN) | 41525 |
| 651 ## - SUBJECT ADDED ENTRY--GEOGRAPHIC NAME | |
| Source of heading or term | BUEsh |
| 653 ## - INDEX TERM--UNCONTROLLED | |
| Resource For college | BAEPS, Economics |
| Arrived date list | October2016 |
| 700 1# - ADDED ENTRY--PERSONAL NAME | |
| Personal name | Semmelroth, David. |
| 9 (RLIN) | 41526 |
| 856 42 - ELECTRONIC LOCATION AND ACCESS | |
| Materials specified | Contributor biographical information |
| Uniform Resource Identifier | <a href="https://www.loc.gov/catdir/enhancements/fy1617/2015943222-b.html">https://www.loc.gov/catdir/enhancements/fy1617/2015943222-b.html</a> |
| 856 42 - ELECTRONIC LOCATION AND ACCESS | |
| Materials specified | Publisher description |
| Uniform Resource Identifier | <a href="https://www.loc.gov/catdir/enhancements/fy1617/2015943222-d.html">https://www.loc.gov/catdir/enhancements/fy1617/2015943222-d.html</a> |
| 856 41 - ELECTRONIC LOCATION AND ACCESS | |
| Materials specified | Table of contents only |
| Uniform Resource Identifier | <a href="https://www.loc.gov/catdir/enhancements/fy1617/2015943222-t.html">https://www.loc.gov/catdir/enhancements/fy1617/2015943222-t.html</a> |
| 942 ## - ADDED ENTRY ELEMENTS (KOHA) | |
| Source of classification or shelving scheme | Dewey Decimal Classification |
| Withdrawn status | Item status | Source of classification or shelving scheme | Damaged status | Not for loan | Vendor | Home library | Current library | Shelving location | Date acquired | Source of acquisition | Cost, normal purchase price | Serial Enumeration / chronology | Total Checkouts | Full call number | Barcode | Date last seen | Cost, replacement price | Koha item type |
|---|---|---|---|---|---|---|---|---|---|---|---|---|---|---|---|---|---|---|
| Dewey Decimal Classification | Academic Bookshop | Central Library | Central Library | Lower Floor | 13/10/2016 | Purchase | 193.00 | 9132 | 005.7 AND | 000034036 | 15/07/2025 | 241.25 | Book - Borrowing |